Le iscrizioni funerarie pagane di Karales

সংরক্ষণ করুন:
গ্রন্থ-পঞ্জীর বিবরন
প্রধান লেখক: Floris, Piergiorgio (Author)
বিন্যাস: গ্রন্থ
ভাষা:ইতালিয়
প্রকাশিত: Cagliari Edizioni AV 2005
সংস্করন:1a. ed
বিষয়গুলি:
ট্যাগগুলো: ট্যাগ যুক্ত করুন
কোনো ট্যাগ নেই, প্রথমজন হিসাবে ট্যাগ করুন!

MARC

LEADER 00000cam a2200000 a 4500
001 UCD9063
003 CL-VaPUC
008 170602e20050000it |||||||||||||||||ita|d
082 0 4 |a 937.3  |b FLO  |2 21 
100 0 |a Floris, Piergiorgio  |e author  |9 592735 
245 1 3 |a Le iscrizioni funerarie pagane di Karales 
250 |a 1a. ed 
300 |a 814 p 
942 |c BK 
945 |d 20170602 23:29:00  |a dcastane 
260 |a Cagliari  |b Edizioni AV  |c 2005 
650 0 |a Historia de Roma   |9 315349 
650 0 |a Paleografía   |9 264942 
650 0 |a Arqueología   |9 265619 
650 7 |a TEXTOS HISTORICOS  |2 CL-VaPUC  |9 444058 
583 |a last modification  |c 20170602 23:29:00  |k Rodrigo Vera 
999 |c 368358  |d 368356 
952 |0 0  |1 0  |3 erb  |4 0  |6 937_300000000000000_FLO_2005  |7 0  |8 A  |9 483652  |a FDOLAF  |b FDOLAF  |e Laffi, Umberto, 1939-  |i 5394376  |o 937.3 FLO 2005  |p 5394376  |r 2024-01-30  |w 2019-11-24  |y BK  |z Catalogado en:20170602  |k LAF